Statistics for 十種雲形

Click here to take the quiz!

General Stats

  • This quiz has been taken 54 times
  • The average score is 8 of 10

Answer Stats

略記号通称の一例Answer% Correct
Cb入道雲積乱雲
96%
Cu綿雲積雲
90%
St霧雲層雲
88%
Ciすじ雲巻雲
85%
Cs薄雲巻層雲
79%
Ccいわし雲巻積雲
73%
Ns雨雲乱層雲
73%
Asおぼろ雲高層雲
69%
Acひつじ雲高積雲
65%
Scうね雲層積雲
65%

Score Distribution

Percentile by Number Answered

Percent of People with Each Score

Your Score History

You have not taken this quiz